000 00382 a2200169 4500
001 69570
020 _a8508042671
040 _cAnchieta - Itaigara
100 _aRagache, Claude-Catherine
240 1 0 _aA criação do mundo
_lpor
245 1 0 _aA criação do mundo
300 _a47
362 0 _a1997
440 1 _aÁtica
650 4 _aLiteratura infanto-juvenil
942 _cBK
999 _c69570
_d69570